000 00642nam a2200241Ia 4500
005 20250425162737.0
008 250425s9999 xx 000 0 und d
020 _a0788014072
041 _aeng
082 _a658.3
100 _aFROST, BOB
245 0 _aMEASURING PERFORMANCE: USING THE NEW METRICS TO DEPLOY STRATEGY AND IMPROVE PERFORMANCE
250 _aS.E.
260 _aEstados Unidos
_bFAIRWAY-PRESS
_c1998
260 _aS.L.
300 _a96
500 _aDONADO POR GUILLERMO AROSEMENA
650 _aESTRATEGIAS DE VENTA
650 _aGUIAS DE NEGOCIOS
710 _aFAIRWAY-PRESS
942 _c01
010 _a104497
999 _c235525
_d235525